00318pam a2200121 a 4500020000500000041000500005082001500010245009200025250001000117260002600127300001700153700002600170 c h a745.4bEVA aExploring The Elements Of DesignbExploring The Elements Of DesignhTextual Documents a2004. aAmericabThomson Book a206:bpaper. aEvans / Mark Thomas.